Soybean seedling emergence as influenced by crust bulkdensity and crust thickness
Uloženo v:
| Hlavní autor: | |
|---|---|
| Médium: | Kniha |
| Jazyk: | Undetermined |
| Vydáno: |
Cần Thơ
Viện Đại Học Cần Thơ - Đại Học Nông Nghiệp
1974
|
| Témata: | |
| Tagy: |
Přidat tag
Žádné tagy, Buďte první, kdo otaguje tento záznam!
|
| Thư viện lưu trữ: | Trung tâm Học liệu Trường Đại học Cần Thơ |
|---|
| LEADER | 00651nam a2200181Ia 4500 | ||
|---|---|---|---|
| 001 | CTU_33576 | ||
| 008 | 210402s9999 xx 000 0 und d | ||
| 082 | |a 633.34 | ||
| 082 | |b S550 | ||
| 100 | |a Trần Bá Sử | ||
| 245 | 0 | |a Soybean seedling emergence as influenced by crust bulkdensity and crust thickness | |
| 245 | 0 | |c Trần Bá Sử | |
| 260 | |a Cần Thơ | ||
| 260 | |b Viện Đại Học Cần Thơ - Đại Học Nông Nghiệp | ||
| 260 | |c 1974 | ||
| 650 | |a germination,plant-soil relationships,soybean, effect of clay soils on | ||
| 904 | |i Minh, 991103 | ||
| 980 | |a Trung tâm Học liệu Trường Đại học Cần Thơ | ||